Synonymický slovník slovenčiny

Uložené v:
Podrobná bibliografia
Hlavný autor: Anettová, Alena
Médium: Kniha
Jazyk:Slovak
Vydavateľské údaje: Bratislava VEDA 1995
Predmet:
Tagy: Pridať tag
Žiadne tagy, Buďte prvý, kto otaguje tento záznam!

MARC

LEADER 00000nam a2200000 4500
001 c011977
005 20230228095724.4
020 |a 80-224-0427-6 
041 0 |a slo 
044 |a SK 
245 1 0 |a Synonymický slovník slovenčiny  |c autori: Alena Anettová ... [et al.] 
264 1 |a Bratislava  |b VEDA  |c 1995 
300 |a 998 s. 
610 2 0 |a jazykoveda 
610 2 0 |a slovenčina 
610 2 0 |a terminológia 
100 1 |a Anettová, Alena